| 000 | 00471nam a2200181Ia 4500 | ||
|---|---|---|---|
| 005 | 20221222114556.0 | ||
| 008 | 131103s9999 xx 000 0 und d | ||
| 040 | _aLoreto College | ||
| 041 | _aEnglish | ||
| 082 |
_a822.08 _bNEW |
||
| 245 |
_aNew english dramatists _cEdited by John Russel Taylor |
||
| 260 |
_aLondon _bPenguin _c1967 |
||
| 300 | _a8v. | ||
| 650 | _aEnglish drama - collection | ||
| 700 | _aRussel Taylor John; ed. | ||
| 850 | _aLCLIB | ||
| 942 | _cBK | ||
| 999 |
_c21586 _d72065 |
||